书目信息 |
| 题名: |
科技俄语翻译技巧与方法
|
|
| 作者: | 何嵘 编著 | |
| 分册: | ||
| 出版信息: | 北京 机械工业出版社 1988.1 |
|
| 页数: | 254页 | |
| 开本: | 19cm | |
| 丛书名: | ||
| 单 册: | ||
| 中图分类: | H355.9 | |
| 科图分类: | ||
| 主题词: | 俄语-科学技术-翻译 , 翻译-俄语-科学技术 , 科学技术-俄语-翻译 | |
| 电子资源: | ||
| ISBN: | 7-111-00106-0 | |
| 000 | 00847nam0 2200265 45 | |
| 001 | 0188007209 | |
| 005 | 20060809090329.89 | |
| 010 | @a7-111-00106-0@dCNY2.20 | |
| 020 | @aCN@b88007209 | |
| 100 | @a19910415d1988 km y0chiy0120 ea | |
| 101 | 0 | @achi |
| 102 | @aCN@b110000 | |
| 105 | @ay z 000yy | |
| 200 | 10 | @a科技俄语翻译技巧与方法@Ake ji e yu fan yi ji qiao yu fang fa@f何嵘编著@Fhe rong bian zhu |
| 210 | @a北京@c机械工业出版社@d1988.1 | |
| 215 | @a254页@d19cm | |
| 330 | @a书中叙述了科技俄语翻译的标准、翻译过程、翻译技巧与方法等。 | |
| 540 | 1 | @a科技俄语翻译技巧与方法@Ake ji e yu fan yi ji qiao yu fang fa |
| 606 | @a俄语-科学技术-翻译 | |
| 606 | @a翻译-俄语-科学技术 | |
| 606 | @a科学技术-俄语-翻译 | |
| 690 | @aH355.9@v1980 | |
| 701 | 0 | @a何嵘@Ahe rong@4编著 |
| 801 | 0 | @aCN@bTSSF@c20060809 |
| 905 | @a10447@dH355.9@e236 | |
| 科技俄语翻译技巧与方法/何嵘编著.-北京:机械工业出版社,1988.1 |
| 254页;19cm |
| ISBN 7-111-00106-0:CNY2.20 |
| 书中叙述了科技俄语翻译的标准、翻译过程、翻译技巧与方法等。 |
| ● |
| 相关链接 |
|
|
|
|
正题名:科技俄语翻译技巧与方法
索取号:H355.9/236
 
预约/预借
| 序号 | 登录号 | 条形码 | 馆藏地/架位号 | 状态 | 备注 |
| 1 | 0453187 | 204531872 | 密集书库/ [索取号:H355.9/236] | 在馆 |